| 000 -ლიდერი |
| ფიქსირებული სიგრძის საკონტროლო ველი |
01879nam a2200313Ia 4500 |
| 001 - საკონტროლო ნომერი |
| საკონტროლო ველი |
23616 |
| 003 - საკონტროლო ნომრის იდენტიფიკატორი |
| საკონტროლო ველი |
GE_BSU |
| 005 - ბოლო ოპერაციის თარიღი და დრო |
| საკონტროლო ველი |
20260224173107.0 |
| 008 - ფიქსირებული სიგრძის მონაცემთა ელემენტები - ზოგადი ინფორმაცია |
| ფიქსირებული სიგრძის საკონტროლო ველი |
181216s2003||||ge |||||||||||||| ||geo|| |
| 020 ## - წიგნის საერთაშორისო სტანდარტული ნომერი |
| International Standard Book Number |
99940-13-68-8 |
| 040 ## - კატალოგიზაციის წყარო |
| Transcribing agency |
GE_BSU |
| 041 ## - ენის კოდი |
| Language code of text/sound track or separate title |
geo |
| 080 ## - უნივერსალური ათობითი კლასიფიკაციის ინდექსი |
| Universal Decimal Classification number |
94(479.22)(075.8) ს-32 |
| 245 ## - ცნობა სათაურის შესახებ |
| Title |
საქართველოს ისტორია, XX საუკუნე : |
| Remainder of title |
სახელმძღვ. ისტ. ფაკ. სტუდ. / |
| Statement of responsibility, etc |
[ავტ.: ვახტანგ გურული, მერაბ ვაჩნაძე, დიმიტრი შველიძე და სხვ.] ; თსუ. |
| 264 ## - წარმოების, გამოცემის, დისტრიბუციის და სხვა ცნობები |
| გამოცემის, წარმოების, დისტრიბუციის... ადგილი |
თბილისი : |
| გამოცემის, წარმოების, დისტრიბუციის... სახელწოდება |
თბილ. უნ-ტის გამ-ბა, |
| გამოცემის, წარმოების, დისტრიბუციის... თარიღი |
2003. |
| 300 ## - ფიზიკური აღწერა |
| Extent |
274 გვ. ; |
| Dimensions |
29 სმ. |
| 520 ## - SUMMARY, ETC. |
| Summary, etc |
ავტორები ყდაზე არაა მითითებული |
| 653 ## - INDEX TERM--UNCONTROLLED |
| Uncontrolled term |
საქართველოს ისტორია, XX საუკუნე |
| 653 ## - INDEX TERM--UNCONTROLLED |
| Uncontrolled term |
საქართველოს ისტორია -- სახელმძღვანელოები უმაღლესი სასწავლებლებისათვის. |
| 700 ## - ADDED ENTRY--PERSONAL NAME |
| Personal name |
გურული, ვახტანგ |
| Relator term |
ავტორი |
| 9 (RLIN) |
26960 |
| 700 ## - ADDED ENTRY--PERSONAL NAME |
| Personal name |
ვაჩნაძე, მერაბ |
| Relator term |
ავტორი |
| 9 (RLIN) |
26961 |
| 700 ## - ADDED ENTRY--PERSONAL NAME |
| Personal name |
შველიძე, დიმიტრი |
| Relator term |
ავტორი |
| 9 (RLIN) |
26962 |
| 700 ## - ADDED ENTRY--PERSONAL NAME |
| Personal name |
კირთაძე, ნესტან |
| Relator term |
ავტორი |
| 9 (RLIN) |
26963 |
| 700 ## - ADDED ENTRY--PERSONAL NAME |
| Personal name |
წოწკოლაური, ავთანდილ |
| Relator term |
ავტორი |
| 9 (RLIN) |
26964 |
| 700 ## - ADDED ENTRY--PERSONAL NAME |
| Personal name |
ფირანიშვილი, პაატა |
| Relator term |
ავტორი |
| 9 (RLIN) |
26965 |
| 710 ## - ADDED ENTRY--CORPORATE NAME |
| Corporate name or jurisdiction name as entry element |
თბილისის სახელმწიფო უნივერსიტეტი |
| 9 (RLIN) |
26966 |
| 942 ## - ADDED ENTRY ELEMENTS (KOHA) |
| Koha item type |
წიგნი |
| Source of classification or shelving scheme |
|